The Rings of Akhaten Speech (Doctor Who) - Statistics

General Stats
  • This quiz has been taken 130 times
  • The average score is 168 of 242
Answer Stats
Answer % Correct
a
93%
I
93%
the
93%
be
88%
you
88%
you.
88%
You
88%
and
85%
And
85%
then.
85%
then!
85%
All
83%
all
83%
all!
83%
god.
83%
on
83%
So,
83%
so,
83%
So
83%
Take
83%
who
83%
come
80%
have
80%
Have
80%
it!
80%
it
80%
No
80%
that
80%
your
80%
in
78%
of
78%
seen
78%
them?
78%
them
78%
them,
78%
me!
76%
never
76%
things.
76%
things
76%
things,
76%
will
76%
you're
76%
You're
76%
to
73%
Universe
73%
big
71%
Can
71%
memory
71%
my
71%
not
71%
Time
71%
time
71%
time.
71%
understand.
71%
what
71%
believe.
68%
gods
68%
know
68%
last
68%
parasite
68%
wouldn't
68%
by
66%
hear
66%
I've
66%
just
66%
Just
66%
life,
66%
lived
66%
long
66%
lost
66%
love
66%
memories.
66%
secrets
66%
feed
63%
make
63%
mind
63%
mine.
63%
But
61%
death
61%
do.
61%
I'll
61%
lives
61%
madman.
61%
must
61%
people
61%
spoken,
61%
told,
61%
where
61%
appetite.
59%
for
59%
hope
59%
laws
59%
physics
59%
saw
59%
think
59%
walked
59%
baby!
56%
birth
56%
devised
56%
great
56%
joy
56%
singing?
56%
story.
56%
tell
56%
universes
56%
War.
56%
were
56%
as
54%
Because
54%
burn.
54%
got
54%
knowledge
54%
Okay
54%
sorrow.
54%
watched
54%
you've
54%
blaze.
51%
like
51%
Lords.
51%
out
51%
out.
51%
these
51%
few
49%
nothing
49%
ran
49%
That's
49%
eaten
46%
others.
46%
until
46%
creations
44%
freeze
44%
longing
44%
loss
44%
remained.
44%
space.
44%
envy
41%
jealousy
41%
Moment
41%
moment,
41%
with
41%
devoted
39%
from
39%
themselves,
39%
terror
37%
away
34%
marked
34%
Oh
34%
passing
34%
judgement.
32%
sacrificed
32%
whose
27%
ancestors
24%
No matching quizzes found
Score Distribution
Percent of People with Each Score
Percentile by Number Answered
Your Score History
You have not taken this quiz